Problemática del servicio social y propuestas para su mejoramiento /
Los autores proponen que el servicio social en la educación superior apoye la formación integral de los estudiantes pero con adecuaciones para la solución de problemas concretos de las comunidades. Proponen también una reglamentación uniforme y una organización administrativa y académica; la vincula...
Guardado en:
| Autor principal: | |
|---|---|
| Otros autores: | |
| Formato: | Libro |
| Idioma: | Español |
| Publicado: |
México :
ANUIES,
2000, c2000
|
| Colección: | (Documentos)
|
| Temas: | |
| Etiquetas: |
Sin etiquetas, Sé el primero en etiquetar este registro!
|
MARC
| LEADER | 00000nam^a2200000^a^4500 | ||
|---|---|---|---|
| 001 | 000120467 | ||
| 005 | 20250521000000.0 | ||
| 009 | 20260310094351.75 | ||
| 020 | |a 970-704-010-6 | ||
| 037 | |a Acervo ITESO - Biblioteca | ||
| 041 | |a ESP | ||
| 082 | |a 378. 243 |b SAN | ||
| 100 | |a Sánchez Soler, María Dolores |e (autor) | ||
| 245 | 1 | 0 | |a Problemática del servicio social y propuestas para su mejoramiento / |c M.D. Sánchez Soler, A. Mungaray Lagarda. |
| 264 | 4 | |a México : |b ANUIES, |c 2000, c2000 | |
| 300 | |a 94 p. | ||
| 336 | |a texto |b txt |2 rdacontenido | ||
| 337 | |a sin mediación |b n |2 rdamedio | ||
| 338 | |a volumen |b nc |2 rdasoporte | ||
| 440 | 1 | |a (Documentos) | |
| 520 | |a Los autores proponen que el servicio social en la educación superior apoye la formación integral de los estudiantes pero con adecuaciones para la solución de problemas concretos de las comunidades. Proponen también una reglamentación uniforme y una organización administrativa y académica; la vinculación profunda con el desarrollo y evalución del impacto que los proyectos de servicio social tienen en la sociedad. | ||
| 649 | |a XX | ||
| 650 | |a Servicio Social - |z México | ||
| 650 | |a Servicio Social - |x Aspectos Jurídicos | ||
| 650 | |a Educación Superior - |z México | ||
| 650 | |a Universidades - |z México | ||
| 650 | |a Educación y Sociedad | ||
| 650 | |a Educación y Sociedad | ||
| 650 | |a Sociología de la Educación | ||
| 700 | |a Mungaray Lagarda, Alejandro |e (autor) | ||
| 910 | |a Fondo General | ||
| 920 | |a Impresos - Libros | ||
| 930 | |a Colección General | ||
| 905 | |a 101 | ||
| 901 | |a 0500055268 |b IT1 |c ACC |u 20250521 | ||
| 902 | |a https://opac.biblio.iteso.mx/vufind/Record/000120467 | ||